| 000 | 00385nam a2200145Ia 4500 | ||
|---|---|---|---|
| 008 | 230711s9999||||xx |||||||||||||| ||und|| | ||
| 041 | _aENG | ||
| 082 |
_a624 _bGO-U |
||
| 100 | _aGallion,Arthur B | ||
| 245 | 4 | _aThe urban pattern city planning and design | |
| 250 | _a4th Ed. | ||
| 260 |
_c1984 _aNew Delhi _bCBS Publishers & Distributors Pvt.Ltd |
||
| 650 | _aArchitecture | ||
| 942 | _cBK | ||
| 999 |
_c422 _d422 |
||